Central Library OPAC University of Rajshahi

মাইকেলের প্রহসন / (Record no. 48642)

MARC details
000 -LEADER
fixed length control field 00976nam a2200241 a 4500
001 - CONTROL NUMBER
control field 48642
003 - CONTROL NUMBER IDENTIFIER
rucl marc code BD-RjUL
005 - DATE AND TIME OF LATEST TRANSACTION
control field 20211209054546.0
008 - FIXED-LENGTH DATA ELEMENTS--GENERAL INFORMATION
fixed length control field 160814s1968 bg |||| ||| 000 0 ben d
020 ## - INTERNATIONAL STANDARD BOOK NUMBER
Terms of availability : Tk. 4.00
035 ## - SYSTEM CONTROL NUMBER
System control number (BD-RjUL)48761
040 ## - CATALOGING SOURCE
Original cataloging agency BD-RjUL
Language of cataloging ben
Transcribing agency BD-RjUL
Modifying agency BD-RjUL
041 ## - LANGUAGE CODE
Language code of text/sound track or separate title ben
082 ## - DEWEY DECIMAL CLASSIFICATION NUMBER
Edition number 23
Classification number 891.44209
Author mark and year MAI 1968
245 10 - TITLE STATEMENT
Title মাইকেলের প্রহসন /
Statement of responsibility, etc. মাহবুবুল আলম ; গোলাম মুরশিদ সম্পাদনা
260 ## - PUBLICATION, DISTRIBUTION, ETC. (IMPRINT)
Place of publication, distribution, etc. ঢাকা :
Name of publisher, distributor, etc. খান এন্ড ব্রাদার্স কোং,
Date of publication, distribution, etc. ১৯৬৮
300 ## - PHYSICAL DESCRIPTION
Pagination ১৪৪ পৃ. ;
Accompanying material ২১ সেমি.
650 ## - SUBJECT ADDED ENTRY--TOPICAL TERM
Topical term or geographic name as entry element বাংলা নাটক
General subdivision ইতিহাস ও সমালোচনা
9 (RLIN) 123674
Topical term or geographic name as entry element Bengali drama
General subdivision History and criticism
9 (RLIN) 122764
700 ## - ADDED ENTRY--PERSONAL NAME
Personal name আলম, মাহবুবুল
Personal name মুরশিদ, গোলাম
942 ## - ADDED ENTRY ELEMENTS (KOHA)
Source of classification or shelving scheme Dewey Decimal Classification
Koha item type Books
Holdings
Lost status Source of classification or shelving scheme Damaged status Not for loan Collection code Permanent Location Current Location Shelving location Date acquired Source of acquisition Cost, normal purchase price Total Checkouts Full call number Date last seen Copy number Koha item type Date checked out
  Dewey Decimal Classification     Non-fiction Central Library, University of Rajshahi Central Library, University of Rajshahi   03/07/1968 Nowrj kittan 4.00   B 891.44209 MAI 1968 14/08/2016 C-2 Books  
  Dewey Decimal Classification     Non-fiction Central Library, University of Rajshahi Central Library, University of Rajshahi   03/07/1968 Nowrj kittan 4.00   B 891.44209 MAI 1968 14/08/2016 C-3 Books  
  Dewey Decimal Classification     Non-fiction Central Library, University of Rajshahi Central Library, University of Rajshahi   26/10/1976 Lekhok,     B 891.44209 MAI 1968 26/09/2016 C-4 Books  
  Dewey Decimal Classification     Non-fiction Central Library, University of Rajshahi Central Library, University of Rajshahi   09/07/1968 Nawroge 4.00 1 B 891.44209 MAI 1968 20/11/2017 C-5 Books 01/11/2017
  Dewey Decimal Classification     Non-fiction Central Library, University of Rajshahi Central Library, University of Rajshahi   03/07/1968 Nowrj kittan 4.00 2 B 891.44209 MAI 1968 03/10/2024 C-6 Books 06/06/2024
  Dewey Decimal Classification     Non-fiction Central Library, University of Rajshahi Central Library, University of Rajshahi   09/07/1968 Nowrose kitabitan. 4.00   B 891.44209 MAI 1968 08/11/2016 C-7 Books  
  Dewey Decimal Classification     Non-fiction Central Library, University of Rajshahi Central Library, University of Rajshahi   04/08/1973 Nawroge 4.00   B 891.44209 MAI 1968 22/11/2016 C-8 Books